000 00483nam a2200169Ia 4500
008 180921t2018 xxu||||| |||| 00| 1 sin d
041 _asin
080 _aX8C31
_bPIN
100 _aPinto, Clode
245 _aආරම්භයක් අවසානයක් නැති කථාවක්
246 _aArambayak Avasanayak Nethi Kathavak
260 _bGodage
_aColombo
_c2018
300 _a239p., 21cm
942 _cBK
999 _c7269
_d7269
003 LK-CoDNM
040 _aLK-CoDNM
_dLK-CoDNM
_eLK-CoDNM